|
|
|
|
| LEADER |
00000naa2a2200000 4500 |
| 001 |
188047 |
| 005 |
20231031174653.0 |
| 035 |
|
|
|a (RuTPU)RU\TPU\book\204130
|
| 090 |
|
|
|a 188047
|
| 100 |
|
|
|a 20101130d2010 k y0rusy50 ca
|
| 101 |
0 |
|
|a rus
|
| 102 |
|
|
|a RU
|
| 200 |
1 |
|
|a Развитие метода инверсионной вольтамперометрии в Томской электромеханической школе
|f Н. А. Колпакова
|
| 463 |
|
0 |
|0 (RuTPU)RU\TPU\book\202401
|t Теория и практика электроаналитической химии
|o сборник трудов симпозиума, 13-17 сентября 2010 г., Томск
|f Национальный исследовательский Томский политехнический университет (ТПУ)
|v С. 9-12
|d 2010
|p 185 с.
|
| 610 |
1 |
|
|a инверсионная вольтамперометрия
|
| 610 |
1 |
|
|a электрохимия
|
| 610 |
1 |
|
|a наука
|
| 610 |
1 |
|
|a развитие
|
| 610 |
1 |
|
|a Томск
|
| 610 |
1 |
|
|a труды учёных ТПУ
|
| 700 |
|
1 |
|a Колпакова
|b Н. А.
|c девичья фамилия Полукарова
|c российский химик
|c профессор Томского политехнического университета
|c Почетный химик России (1996 г.)
|f 1942-
|g Нина Александровна
|2 stltpush
|3 (RuTPU)RU\TPU\pers\21963
|
| 801 |
|
1 |
|a RU
|b 63413507
|c 20101130
|
| 801 |
|
2 |
|a RU
|b 63413507
|c 20150605
|g RCR
|
| 942 |
|
|
|c BK
|